000 00719nam a22002297a 4500
999 _c384753
_d384753
001 98905
003 UA-OsUOA
005 20200213164816.0
007 ta
008 20130422b un ||||| |||| 00| 0 ukr d
040 _aUA-OsUOA
_brus
_cUA-OsUOA
_dUA-OsUOA
041 _arus
080 _a821.161.1
090 _a821.161.1
_bР62
100 _aРождественский Р.
245 _aИзбранные произведения в двух томах: стихотворения, поэмы
_n1
260 _aМ.
_bХудожественная литература
_c1979
300 _a414 с.
650 7 _a82 Література. Літературознавство
_2UDC
942 _cBK
_2udc
955 _a3